000 00295nam a22001337a 4500
008 171023b xxu||||| |||| 00| 0 eng d
020 _a9780697059314
041 _aeng
080 _a338
100 _a54
101 _aMO
245 _aELEMENTARY STATISTICS
_cMARZILLIER, L.F
942 _2udc
_cBK
999 _c35536
_d35536